Statistics for Random Countries and Capitals without Vowels

Click here to take the quiz!

General Stats

  • This quiz has been taken 2,438 times
  • The average score is 14 of 20

Answer Stats

HintCountry / Capital% Correct
BHRNBahrain
100%
BNGLDSHBangladesh
100%
DNMRKDenmark
100%
DBLNDublin
100%
HLSNKHelsinki
100%
JPNJapan
100%
KZKHSTNKazakhstan
100%
LTVLatvia
100%
LCHTNSTNLiechtenstein
100%
LNDNLondon
100%
MSCWMoscow
100%
PKSTNPakistan
100%
PRTGLPortugal
100%
RWNDRwanda
100%
TJKSTNTajikistan
100%
YMNYemen
100%
DJBTDjibouti
98%
MNTNGRMontenegro
98%
NTHRLNDSNetherlands
98%
THLNDThailand
98%
ZMBBWZimbabwe
98%
BGHDDBaghdad
97%
BNGKKBangkok
97%
BRBDSBarbados
97%
FJFiji
97%
LXMBRGLuxembourg
97%
MDGSCRMadagascar
97%
MDRDMadrid
97%
MRCCMorocco
97%
NGRNiger / Nigeria
97%
PHLPPNSPhilippines
97%
PLNDPoland
97%
QTRQatar
97%
SLVKSlovakia
97%
SPNSpain
97%
SWTZRLNDSwitzerland
97%
BRZLBrazil
96%
FNLNDFinland
96%
FRNCFrance
96%
GRGTWNGeorgetown
96%
KWTKuwait
96%
BRDGTWNBridgetown
95%
JRSLMJerusalem
95%
STCKHLMStockholm
95%
SWDNSweden
95%
VTNMVietnam
95%
WRSWWarsaw
95%
BLRSBelarus
94%
BCHRSTBucharest
94%
CHNChina
94%
CPNHGNCopenhagen
94%
DMSCSDamascus
94%
JRDNJordan
94%
LSTHLesotho
94%
MLDVMoldova
94%
NPLNepal
94%
SNGPRSingapore
94%
VNZLVenezuela
94%
ZGRBZagreb
94%
FGHNSTNAfghanistan
93%
BRLNBerlin
93%
BDPSTBudapest
93%
GHNGhana
93%
TNZNTanzania
93%
MSTRDMAmsterdam
92%
BLZBelize
92%
CHDChad
92%
HNGRHungary
92%
MNSKMinsk
92%
MZMBQMozambique
92%
SRBSerbia
92%
SRNMSuriname
92%
TRKMNSTNTurkmenistan
92%
BHMSBahamas
91%
BRSSLSBrussels
91%
CLMBColombia
91%
GMBGambia
91%
LBNNLebanon
91%
MLDVSMaldives
91%
MXCMexico
91%
ZMBZambia
91%
BJNGBeijing
90%
BLGRDBelgrade
90%
BTSWNBotswana
90%
BRNBrunei / Bern
90%
CMRNCameroon
90%
CNBRRCanberra
89%
KBLKabul
89%
KSVKosovo
89%
LJBLJNLjubljana
89%
SRJVSarajevo
89%
ZBKSTNUzbekistan
89%
WLLNGTNWellington
89%
CNDCanada
88%
DMNCDominica
88%
GBNGabon
88%
GRMNGermany
88%
KVKiev
88%
KRGZSTNKyrgyzstan
88%
NCRGNicaragua
88%
PNMPanama
88%
TWNTaiwan
88%
CMBDCambodia
87%
JKRTJakarta
87%
LTHNLithuania
87%
NMBNamibia
87%
BLGMBelgium
86%
CHLChile
86%
GRCGreece
86%
JMCJamaica
86%
MLTMalta
86%
MNGLMongolia
86%
MNMRMyanmar
86%
PRGParaguay / Prague
86%
TVLTuvalu
86%
ZRBJNAzerbaijan
85%
BNNBenin
85%
BLGRBulgaria
85%
KTHMNDKathmandu
85%
LSBNLisbon
85%
SNGLSenegal
85%
CBCuba
84%
KNSHSKinshasa
84%
MLWMalawi
84%
PRSParis
84%
SMLSomalia
84%
SDNSudan
84%
BHTNBhutan
83%
BLVBolivia
83%
HTHaiti
83%
KNGSTNKingston
83%
PNGNGPyongyang
83%
QTQuito
83%
BRZZVLLBrazzaville
82%
RSSRussia
82%
SLVNSlovenia
82%
VCTRVictoria
82%
CRCSCaracas
81%
DKRDakar
81%
GTMLGuatemala
81%
MNTVDMontevideo
81%
RMRome
81%
TNGTonga
81%
RMNArmenia / Romania
80%
BSHKKBishkek
79%
BGTBogota
79%
HVNHavana
79%
HNDRSHonduras
79%
PDGRCPodgorica
79%
SKPJSkopje
79%
TLLNNTallinn
79%
TGTogo
79%
VLNSVilnius
79%
BLMPNBelmopan
78%
BRTSLVBratislava
78%
CMRSComoros
78%
LSLaos
78%
RKJVKReykjavik
78%
THMPHThimphu
78%
TRPLTripoli
78%
VLLTTValletta
78%
DSHNBDushanbe
77%
PLPalau
77%
PRSTNPristina
76%
KHRTMKhartoum
75%
MNLManila
75%
MGDSHMogadishu
75%
PRPeru / Praia
75%
BRNDBurundi
74%
KRBTKiribati
74%
NRWNorway
74%
TPTaipei
74%
TGCGLPTegucigalpa
74%
TNSTunis / Tunisia
74%
KMPLKampala
73%
MLMali / Male
73%
RGUruguay / Riga
73%
KNKenya
72%
TRKTurkey
72%
VDZVaduz
72%
BKBaku
71%
LBRLiberia
71%
LMLima / Lome
71%
MSCTMuscat
71%
RBTRabat
71%
TSHKNTTashkent
71%
FNFTFunafuti
70%
FRTWNFreetown
69%
MNCMonaco
69%
CHSNChisinau
68%
CPRSCyprus
67%
DHKDhaka
67%
SCHLLSSeychelles
67%
LBRVLLLibreville
66%
RGNTNArgentina
65%
DDMDodoma
65%
TBLSTbilisi
65%
WNDHKWindhoek
65%
SHGBTAshgabat
64%
NCSNicosia
64%
HRRHarare
63%
SLMBDIslamabad
63%
NRBNairobi
63%
THNSAthens
62%
BNJLBanjul
62%
DHDoha
62%
MNMManama
62%
RLNDIreland
61%
LSKLusaka
61%
NKCHTTNouakchott
61%
VNTVanuatu
61%
DLDili
60%
HNHanoi
60%
RQIraq
60%
VNNVienna
60%
BLMFNTNBloemfontein
59%
GPTEgypt
59%
GBRNGaborone
59%
GRGGeorgia
59%
GRNDGrenada
59%
SLOslo / Seoul
59%
PRMRBParamaribo
59%
RDHRiyadh
59%
SVSuva
59%
NTNNRVAntananarivo
58%
SNTGSantiago
58%
TRNTirana
58%
GTGGitega
57%
LBLibya
57%
BMKBamako
56%
MNRVMonrovia
56%
CRTCroatia
55%
SMSamoa
55%
NPDWNaypyidaw
54%
VNTNVientiane
54%
YMSSKRYamoussoukro
54%
BRSLBrasilia
53%
YRNYaren
53%
YRVNYerevan
53%
MRTNMauritania
52%
LLNGWLilongwe
51%
NRNauru
51%
NDRRAndorra
50%
MRTSMauritius
50%
NGLAngola
49%
PRTRPretoria
49%
CNKRConakry
48%
NSSNassau
48%
LGRSAlgiers
47%
KGLKigali
47%
STRAustria
46%
SRSyria
46%
SWTNEswatini
45%
MBBNMbabane
45%
BSSTRRBasseterre
44%
MPTMaputo
44%
SFSofia
44%
LNBTRUlaanbaatar
44%
BRTBeirut
43%
MLBMalabo
43%
LBNAlbania
42%
TKTokyo
42%
GNGuinea / Guyana
41%
MNOman
41%
PLKRPalikir
41%
THRNTehran
41%
YNDYaounde
41%
LGRAlgeria
40%
MMNAmman
40%
JBJuba
40%
BJAbuja
39%
CSTRSCastries
39%
MSRMaseru
39%
HNRHoniara
38%
GNDUganda
38%
BNGBangui
37%
LNDLuanda
37%
MJRMajuro
36%
BSSBissau
35%
NDIndia
35%
MLSMalaysia
35%
TTWOttawa
35%
CCRAccra
34%
NKRAnkara
33%
CLNDIceland
33%
NGRLMDNgerulmud
33%
NRSLTNNursultan
33%
SCRSucre
33%
SNCNAsuncion
32%
RNIran
32%
SMRAsmara
29%
THPEthiopia
28%
MNGManagua
28%
NDNSIndonesia
27%
NMNiamey
27%
TLItaly
26%
MRNMoroni
26%
GDGOuagadougou
26%
STRLAustralia
25%
CRCairo
25%
PApia
23%
RTREritrea
21%
STNEstonia
21%
RSRoseau
21%
CTNCotonou
19%
SRLIsrael
12%
CDREcuador
8%
KRNUkraine
8%

Score Distribution

Percentile by Number Answered

Percent of People with Each Score

Your Score History

You have not taken this quiz